000 00351nam a2200145Ia 4500
008 230312s9999||||xx |||||||||||||| ||und||
020 _a1-118-53548-6
082 _a690
_bGRA-M
100 _aGramazio;Fabio
245 0 _aMade by Robots
260 _bGramazio;Fabio
_aUSA
_c1998
300 _a136
650 _aArchitecture
_vArchitecture
942 _cBK
999 _c12130
_d12130